000 00625nam a2200229Ia 4500
003 OSt
005 20221007075750.0
006 a|||||r|||| 00| 0
007 ta
008 221006b |||||||| |||| 00| 0 eng d
024 _a33,489
037 _cReference Collections
040 _aFLL
_cFLL
_beng
041 _2eng
_aeng
082 _aZ273, P9
100 _aSunder Nandini Ed.
_9458559
245 0 _aLegal grounds
260 _aNew Delhi
_bOxford University Press India
_c2009
300 _aix,260p
_ccm.
942 _hZ273, P9
_cREF
_2CC
999 _c1157287
_d1157287